Začněte s proč jak vůdčí osobnosti inspirují k činům

Gespeichert in:
Bibliographische Detailangaben
1. Verfasser: Sinek, Simon
Format: Buch
Sprache:Tschechisch
Veröffentlicht: Brno Jan Melvil Publishing 2013
Schlagworte:
Tags: Tag hinzufügen
Keine Tags, Fügen Sie das erste Tag hinzu!

MARC

LEADER 00000nam a2200000 4500
001 0233454
005 20230220133540.3
020 |a 978-80-87270-55-4 
041 0 |a cze 
044 |a CZ 
245 1 0 |a Začněte s proč  |b jak vůdčí osobnosti inspirují k činům  |c Simon Sinek 
264 1 |a Brno  |b Jan Melvil Publishing  |c 2013 
300 |a 255 s. 
610 2 0 |a vedenie 
610 2 0 |a vedenie ľudí 
610 2 0 |a vedenie podniku 
610 2 0 |a lídri 
610 2 0 |a vodcovstvo 
610 2 0 |a manažment 
100 1 |a Sinek, Simon